Home and Away - Statistics

General Stats
  • This quiz has been taken 637 times
  • The average score is 7 of 15
Answer Stats
Hint Answer % Correct
Where is Home and Away set? Summer Bay
92%
What is Leah's son called? VJ
77%
What is the local high school called? Summer Bay High
68%
He works in the bait shop Alf Stewart
67%
How many children does Sid have? three
53%
How many children does Irene have? 0
45%
What was Bianca and Heath's babies name? Rocco
41%
What is Brax's real name? Darryl
40%
What beach is Home and Away set on? Palm Beach
33%
Who was Sally Fletcher played by? Kate Richie
30%
What is the town where the Braxton's came from originally? Mangrove River
29%
What is Heath's new son called? Harley
27%
Who is Roo's Husband? Harvey
25%
What is the Braxton's fathers name? Danny
17%
Who is Sasha played by? Demi Harmen
6%
No matching quizzes found
Score Distribution
Percent of People with Each Score
Percentile by Number Answered
Your Score History
You have not taken this quiz